[Event "ETCC"]
[Site "Plovdiv"]
[Date "2003.10.19"]
[Round "8.18"]
[White "Genov, Petar"]
[Black "Zeidler, Sven P"]
[Result "1-0"]
[WhiteElo "2494"]
[BlackElo "2246"]
[PlyCount "81"]
[EventDate "2003.10.19"]

1. d4 f5 2. g3 Nf6 3. Bg2 g6 4. Nf3 Bg7 5. O-O O-O 6. b3 d6 7. Bb2 Ne4 8. Nbd2
Nc6 9. c4 Nxd2 10. Qxd2 e5 11. dxe5 dxe5 12. Qd5+ Kh8 13. Ba3 Re8 14. Qxd8 Rxd8
15. Ng5 Re8 16. Bxc6 bxc6 17. Rad1 Bf6 18. h4 a5 19. Bb2 h6 20. Nf3 Kg7 21.
Rfe1 g5 22. e4 f4 23. gxf4 gxf4 24. Kh2 Kf7 25. Rg1 a4 26. h5 axb3 27. axb3 Ra2
28. Rd2 Re6 29. Rg6 Bg7 {Diagram #} 30. Bxe5 Rxd2 31. Rxg7+ Kf8 32. Nxd2 Rxe5
33. Rxc7 Rxh5+ 34. Kg2 Bg4 35. Rxc6 Ke7 36. b4 Rh3 37. f3 Rg3+ 38. Kf2 Be6 39.
b5 Kd7 40. e5 h5 41. Ne4 1-0

[Event "ETCC"]
[Site "Plovdiv"]
[Date "2003.10.19"]
[Round "8.18"]
[White "Rusev, Krasimir"]
[Black "Trevelyan, John"]
[Result "1-0"]
[WhiteElo "2379"]
[BlackElo "2150"]
[PlyCount "135"]
[EventDate "2003.10.19"]

1. d4 Nc6 2. d5 Ne5 3. e4 e6 4. dxe6 dxe6 5. Qxd8+ Kxd8 6. f4 Ng6 7. e5 Bc5 8.
Nf3 Nh6 9. Nc3 Bd7 10. Bd3 Bc6 11. Be4 Bxe4 12. Nxe4 Be7 13. Bd2 Kc8 14. O-O-O
Rd8 15. g3 b6 16. c4 Kb7 17. Nfg5 Nf8 18. Bc3 Rxd1+ 19. Rxd1 Rd8 20. Rxd8 Bxd8
21. Bb4 c5 22. Bc3 Be7 23. a3 a5 24. b3 Kc6 25. Kd2 Kd7 26. Kc2 Ke8 27. Kd3 Nf5
28. g4 Nh4 29. Ke3 h6 30. Nh3 Nd7 31. Ng3 Nb8 32. Ke4 Nc6 33. f5 Nd8 34. Nh5 g6
35. Ng3 g5 36. Ng1 Nc6 37. N1e2 Bd8 38. Nf1 Bc7 39. Ne3 Ke7 40. Nc1 Kd7 41. Nd3
Bd8 42. Nc1 Bc7 43. Ne2 Ke8 44. Ng3 Kd7 45. Nh5 Bd8 46. Ng3 Bc7 47. Nh1 Bd8 48.
Nf2 Bc7 49. Nd3 Bd8 50. b4 axb4 51. axb4 Be7 52. bxc5 Bxc5 53. Nxc5+ bxc5 54.
Bb2 Na5 55. Bc3 Nb3 56. Be1 Kc6 57. h3 Kd7 58. Bxh4 gxh4 59. Kf4 Nc1 60. g5
hxg5+ 61. Kxg5 exf5 62. Kxf5 Nd3 63. Kf6 Ke8 64. Nf5 Nf4 65. Nd6+ Kd7 66. Nxf7
Ne6 67. Ng5 Nf4 68. Kf7 1-0

[Event "ETCC"]
[Site "Plovdiv"]
[Date "2003.10.19"]
[Round "8.8"]
[White "Varga, Zoltan"]
[Black "Mitkov, Nikola"]
[Result "1/2-1/2"]
[WhiteElo "2558"]
[BlackElo "2530"]
[PlyCount "71"]
[EventDate "2003.10.19"]

1. e4 e5 2. Nf3 Nc6 3. Nc3 Nf6 4. Bb5 Bb4 5. O-O O-O 6. d3 Bxc3 7. bxc3 d6 8.
h3 Bd7 9. Ba4 h6 10. Rb1 b6 11. Nh2 Ne7 12. Bb3 Ng6 13. f4 Nxf4 14. Bxf4 exf4
15. Rxf4 a5 16. a4 Be6 17. Qf3 Qe7 18. Nf1 Nd7 19. Qg3 Qg5 20. Qe3 Ne5 21. Bxe6
fxe6 22. Rxf8+ Rxf8 23. Qxg5 hxg5 24. Nd2 Kh7 25. d4 Nd7 26. Nf3 Kg6 27. Kf2 g4
28. hxg4 Nf6 29. Ke3 Nxg4+ 30. Kd2 e5 31. Rh1 Nf2 32. Rh4 Rf4 33. Ke3 Nd1+ 34.
Kd2 Nf2 35. Ke3 Nd1+ 36. Kd2 1/2-1/2

[Event "ETCC"]
[Site "Plovdiv"]
[Date "2003.10.19"]
[Round "8.9"]
[White "Dautov, Rustem"]
[Black "Vouldis, Angelos"]
[Result "1-0"]
[WhiteElo "2610"]
[BlackElo "2528"]
[PlyCount "131"]
[EventDate "2003.10.19"]

1. d4 e6 2. c4 Bb4+ 3. Bd2 Qe7 4. g3 f5 5. Bg2 Nf6 6. Nc3 O-O 7. Nh3 Nc6 8. a3
Bxc3 9. Bxc3 Ne4 10. Rc1 d6 11. d5 Nd8 12. dxe6 Nxe6 13. O-O Bd7 14. e3 Bc6 15.
Nf4 Nxc3 16. Rxc3 Nxf4 17. exf4 Bxg2 18. Kxg2 Qf7 19. Qd5 b6 20. Re1 Rfe8 21.
Rce3 Qxd5+ 22. cxd5 Rxe3 23. fxe3 a5 24. b3 Rc8 25. Rc1 Kf7 26. Kf3 h5 27. e4
fxe4+ 28. Kxe4 Kf6 29. Kf3 Ke7 30. Ke4 Kf6 31. Kf3 Ke7 32. Rc3 Kd7 33. h3 Rf8
34. g4 hxg4+ 35. hxg4 Rh8 36. Ke4 g6 37. f5 gxf5+ 38. Kxf5 Rf8+ 39. Kg5 Rg8+
40. Kf5 Rf8+ 41. Kg5 Rg8+ 42. Kf4 Re8 43. Kg3 Rg8 44. Rf3 Rg7 45. Kh4 c6 46.
dxc6+ Kxc6 47. g5 Rg8 48. Kh5 d5 49. g6 d4 50. Kh6 Rh8+ 51. Kg7 Rd8 52. Kh7 d3
53. Rf1 Kc5 54. g7 Rd7 55. Kh8 Rxg7 56. Kxg7 Kd4 57. Kf6 b5 58. b4 axb4 59.
axb4 d2 60. Ke6 Kc4 61. Ke5 Kc3 62. Kd5 Kxb4 63. Kd4 Kb3 64. Kd3 Kb2 65. Kxd2
b4 66. Rf7 1-0

[Event "ETCC"]
[Site "Plovdiv"]
[Date "2003.10.19"]
[Round "8.10"]
[White "Pelletier, Yannick"]
[Black "Kurajica, Bojan"]
[Result "1-0"]
[WhiteElo "2604"]
[BlackElo "2557"]
[PlyCount "109"]
[EventDate "2003.10.19"]

1. d4 e6 2. Nf3 Nf6 3. c4 Bb4+ 4. Bd2 Qe7 5. g3 Bxd2+ 6. Qxd2 O-O 7. Nc3 d6 8.
Bg2 c6 9. e4 e5 10. O-O Bg4 11. Nh4 a6 12. Rfe1 Re8 13. b3 g6 14. h3 Bc8 15.
Rad1 b5 16. Nf3 Bb7 17. g4 Kg7 18. c5 dxc5 19. dxe5 Nfd7 20. Qf4 Nb6 21. a4 b4
22. a5 bxc3 23. axb6 Nd7 24. Qc1 Nxe5 25. Nxe5 Qxe5 26. f4 Qe7 27. Qxc3+ Kg8
28. g5 a5 29. Rc1 Ra6 30. Qxc5 Qxc5+ 31. Rxc5 Rxb6 32. Re3 Bc8 33. Rxa5 Be6 34.
Re5 Kf8 35. Rc3 Bxb3 36. Rec5 Ba4 37. Kf2 Rb2+ 38. Kg3 Bb5 39. Bf3 Kg7 40. f5
f6 41. h4 Rb4 42. Ra3 Re7 43. e5 Rxe5 44. Rxe5 fxe5 45. f6+ Kf8 46. Ra8+ Kf7
47. Ra7+ Kf8 48. Rxh7 Rb3 49. Kf2 Rb2+ 50. Ke1 e4 51. Bh5 gxh5 52. g6 Ke8 53.
f7+ Ke7 54. Rh8 Rb1+ 55. Kd2 1-0

[Event "ETCC"]
[Site "Plovdiv"]
[Date "2003.10.19"]
[Round "8.11"]
[White "Hector, Jonny"]
[Black "Kallio, Heikki"]
[Result "0-1"]
[WhiteElo "2515"]
[BlackElo "2493"]
[PlyCount "72"]
[EventDate "2003.10.19"]

1. e4 e5 2. Nf3 Nf6 3. Nc3 Nc6 4. g3 d5 5. exd5 Nxd5 6. Bg2 Nxc3 7. bxc3 Bd6 8.
O-O O-O 9. d4 Bg4 10. Qd3 Qf6 11. Rb1 Bf5 12. Qd1 exd4 13. Nxd4 Nxd4 14. cxd4
Qg6 15. Rb2 Rad8 16. c3 b6 17. Qa4 Be4 18. f3 Bd5 19. c4 Be6 20. Rd2 h5 21. f4
h4 22. gxh4 Qg4 23. Rd3 Bc5 24. Rfd1 Bf5 25. h3 Qxh4 26. R3d2 Bd6 27. Rf2 Bxh3
28. Bxh3 Qxh3 29. Rdf1 Be7 30. Rh2 Qf5 31. Be3 Bf6 32. Qxa7 Rfe8 33. Bf2 Qxf4
34. d5 Re5 35. Rg2 Rg5 36. Qa6 Be5 0-1

[Event "em-team men"]
[Site "?"]
[Date "2003.10.19"]
[Round "8.5"]
[White "Radjabov, Teimour"]
[Black "Macieja, Bartlomiej"]
[Result "1/2-1/2"]
[WhiteElo "2650"]
[BlackElo "2635"]
[PlyCount "47"]
[EventDate "2003.10.19"]

1. d4 Nf6 2. c4 e6 3. Nf3 b6 4. a3 Bb7 5. Nc3 d5 6. cxd5 Nxd5 7. Qc2 Nxc3 8.
bxc3 Be7 9. e4 O-O 10. Bd3 c5 11. O-O Qc7 12. Qe2 Nd7 13. e5 Rfc8 14. h4 Nf8
15. h5 cxd4 16. cxd4 Qd7 17. Be3 Qd5 18. a4 Rc3 19. Rfb1 Ra3 20. Rxa3 Bxa3 21.
Ra1 Be7 22. Rc1 Rc8 23. Rxc8 Bxc8 24. Qc2 1/2-1/2

[Event "em-team men"]
[Site "?"]
[Date "2003.10.19"]
[Round "8.5"]
[White "Socko, Bartosz"]
[Black "Ibrahimov, Rasul"]
[Result "1-0"]
[WhiteElo "2547"]
[BlackElo "2478"]
[PlyCount "99"]
[EventDate "2003.10.19"]

1. e4 c5 2. Nf3 d6 3. d4 cxd4 4. Nxd4 Nf6 5. Nc3 a6 6. f3 e6 7. Be3 b5 8. g4 h6
9. Qd2 b4 10. Nce2 e5 11. Nb3 a5 12. Ng3 a4 13. Nc1 d5 14. Bb5+ Bd7 15. Bxd7+
Qxd7 16. exd5 Nxd5 17. Nd3 Nc6 18. Nc5 Bxc5 19. Bxc5 Nf4 20. O-O-O Qxd2+ 21.
Rxd2 Ne6 22. Bd6 f6 23. Ne2 Kf7 24. f4 Rhd8 25. fxe5 Nxe5 26. Bxb4 Nxg4 27.
Rxd8 Nxd8 28. h3 Nf2 29. Rh2 Nc6 30. a3 Ne4 31. Nc3 Nxc3 32. Bxc3 Ke6 33. Re2+
Ne5 34. Bb4 g5 35. b3 h5 36. Kb2 g4 37. hxg4 hxg4 38. bxa4 Kf5 39. Kb3 g3 40.
a5 Kf4 41. Ka4 Kf3 42. Re1 Kf2 43. Rb1 Rc8 44. Be1+ Kf3 45. Rb3+ Ke4 46. Bxg3
Rxc2 47. Bxe5 fxe5 48. a6 Rc8 49. a7 Ra8 50. Rb7 1-0

[Event "em-team men"]
[Site "?"]
[Date "2003.10.19"]
[Round "8.7"]
[White "Aleksandrov, Aleksej"]
[Black "Damljanovic, Branko"]
[Result "1/2-1/2"]
[WhiteElo "2664"]
[BlackElo "2589"]
[PlyCount "198"]
[EventDate "2003.10.19"]

1. d4 d6 2. c4 e5 3. Nf3 e4 4. Nfd2 f5 5. Nc3 Nf6 6. Ndb1 c6 7. Bg5 Nbd7 8. e3
h6 9. Bxf6 Nxf6 10. Be2 g6 11. Nd2 h5 12. Qc2 Bh6 13. O-O-O d5 14. Kb1 O-O 15.
g3 Rf7 16. Rc1 Be6 17. Na4 Ng4 18. Rcf1 Qd6 19. Nc5 Nxf2 20. cxd5 cxd5 21. Rxf2
Bxe3 22. Rff1 Bxd4 23. Ndb3 Bg7 24. Nxe6 Qxe6 25. Rc1 Qf6 26. Rhd1 Rc7 27. Qd2
Rxc1+ 28. Qxc1 Rd8 29. Nd4 Qb6 30. Qd2 Bxd4 31. Qxd4 Qxd4 32. Rxd4 Kf7 33. Kc1
Ke6 34. Ra4 Ra8 35. h4 Ke5 36. Kd2 a5 37. Ra3 b6 38. Rb3 g5 39. hxg5 Rg8 40.
Bxh5 Rxg5 41. Be8 Rg8 42. Bc6 Rg6 43. Bb7 Rg7 44. Bc6 Rg6 45. Be8 Rg8 46. Ba4
Rg6 47. Ke1 Rh6 48. Bd7 f4 49. gxf4+ Kxf4 50. Rh3 Rd6 51. Bb5 Ke5 52. Ba4 Kd4
53. Rh2 Ke3 54. Re2+ Kf3 55. Bc2 Rc6 56. Bd1 Kf4 57. Bb3 Rd6 58. Rh2 d4 59.
Rh4+ Ke3 60. Rh3+ Kf4 61. Ke2 Rg6 62. Rh2 Rg5 63. Kd2 b5 64. a4 bxa4 65. Bxa4
Ke5 66. Bc6 Rg4 67. Bb7 Kf4 68. Rf2+ Ke5 69. Rf8 Rg2+ 70. Ke1 Rxb2 71. Re8+ Kd6
72. Bxe4 Kc5 73. Kd1 a4 74. Ra8 Ra2 75. Kc1 a3 76. Kb1 Rb2+ 77. Kc1 Ra2 78. Bc2
Kb4 79. Kd2 Ra1 80. Kd3 Rh1 81. Kxd4 Rh4+ 82. Kd3 Rh3+ 83. Kd2 Rh2+ 84. Kc1
Rh1+ 85. Bd1 Rh3 86. Rb8+ Kc5 87. Bb3 Rh1+ 88. Kc2 Rh2+ 89. Kb1 Rb2+ 90. Ka1
Kd4 91. Rd8+ Kc3 92. Bg8 Rg2 93. Rc8+ Kd4 94. Ba2 Rg3 95. Bb1 Rg7 96. Ka2 Rb7
97. Bc2 Ke3 98. Bb3 Rb5 99. Re8+ Kd3 1/2-1/2

[Event "em-team men"]
[Site "?"]
[Date "2003.10.19"]
[Round "8.8"]
[White "Acs, Peter"]
[Black "Georgiev, Kiril"]
[Result "0-1"]
[WhiteElo "2593"]
[BlackElo "2651"]
[PlyCount "86"]
[EventDate "2003.10.19"]

1. e4 e5 2. Nf3 Nc6 3. Bb5 Nf6 4. O-O Nxe4 5. d4 Nd6 6. Bxc6 dxc6 7. dxe5 Nf5
8. Qxd8+ Kxd8 9. Nc3 Ne7 10. h3 h6 11. Re1 Ng6 12. Ne4 c5 13. c4 Be6 14. b3 Be7
15. Ng3 Kd7 16. Nh5 Rhg8 17. Bb2 Kc6 18. Nd2 a5 19. a4 Rgd8 20. Nf1 Rd3 21. Re3
Rad8 22. Nxg7 Bg5 23. Nxe6 fxe6 24. Rxd3 Rxd3 25. g3 Rxb3 26. Ra2 h5 27. f4 Bh6
28. Bc1 Nxe5 29. Re2 Nf3+ 30. Kg2 Nd4 31. Re5 Rc3 32. Be3 Rc2+ 33. Kh1 Rxc4 34.
Rxh5 Bf8 35. Rh8 Bd6 36. h4 Rxa4 37. h5 e5 38. fxe5 Bxe5 39. Re8 Kd5 40. h6 Nf5
41. Bf4 Bxf4 42. h7 Bxg3 43. Kg1 Rh4 0-1

[Event "em-team men"]
[Site "?"]
[Date "2003.10.19"]
[Round "8.8"]
[White "Georgiev, Vladimir"]
[Black "Berkes, Ferenc"]
[Result "0-1"]
[WhiteElo "2596"]
[BlackElo "2616"]
[PlyCount "100"]
[EventDate "2003.10.19"]

1. c4 e5 2. g3 Nf6 3. Bg2 Nc6 4. Nc3 Bb4 5. Nd5 O-O 6. a3 Bd6 7. Nc3 Re8 8. d3
Bf8 9. e4 Nd4 10. Nge2 Nxe2 11. Qxe2 Bc5 12. O-O d6 13. h3 c6 14. Kh2 Bd4 15.
Qc2 a6 16. Ne2 Ba7 17. b4 b5 18. Bb2 Qe7 19. Rae1 bxc4 20. dxc4 a5 21. f4 axb4
22. axb4 Rb8 23. Ra1 Rxb4 24. fxe5 dxe5 25. Ba3 c5 26. Bxb4 cxb4 27. Ra5 Bc5
28. Nc1 Be6 29. Nb3 Nd7 30. Rfa1 h5 31. Nxc5 Nxc5 32. Qf2 Nb3 33. Ra7 Qf8 34.
R1a6 Nd4 35. Bf1 b3 36. Rb6 Ra8 37. Rxa8 Qxa8 38. c5 Qa2 39. Kg1 Qa5 40. g4
Qxc5 41. Rb8+ Kh7 42. gxh5 Qa7 43. Rb4 Qe7 44. Rb8 Qc7 45. Rb4 Qd6 46. Rb7 Qc6
47. Rb8 Qxe4 48. Qg3 Nf3+ 49. Kf2 Bd5 50. Kg2 Nd2+ 0-1

[Event "em-team men"]
[Site "?"]
[Date "2003.10.19"]
[Round "8.8"]
[White "Nedev, Trajce"]
[Black "Gyimesi, Zoltan"]
[Result "1-0"]
[WhiteElo "2480"]
[BlackElo "2537"]
[PlyCount "41"]
[EventDate "2003.10.19"]

1. e4 e5 2. Nf3 Nc6 3. d4 exd4 4. Nxd4 Nf6 5. Nxc6 bxc6 6. e5 Qe7 7. Qe2 Nd5 8.
c4 Ba6 9. b3 g6 10. f4 Qb4+ 11. Bd2 Qb6 12. Qf3 Nb4 13. Kd1 Bb7 14. Nc3 c5 15.
Qe3 Qe6 16. Nb5 Kd8 17. Be2 a6 18. Nc3 Qf5 19. Rc1 Bxg2 20. Rg1 Qh3 21. a3 1-0

[Event "em-team men"]
[Site "?"]
[Date "2003.10.19"]
[Round "8.9"]
[White "Papaioannou, Ioannis"]
[Black "Graf, Alexander"]
[Result "1-0"]
[WhiteElo "2577"]
[BlackElo "2646"]
[PlyCount "45"]
[EventDate "2003.10.19"]

1. Nf3 Nf6 2. d4 d5 3. c4 e6 4. Nc3 c6 5. Qb3 Nbd7 6. Bg5 Qa5 7. Bd2 Qb6 8. Qc2
dxc4 9. e4 e5 10. dxe5 Ng4 11. Bf4 Qc5 12. e6 fxe6 13. h3 Nge5 14. O-O-O Nxf3
15. gxf3 b5 16. e5 Qe7 17. Qe4 Qf7 18. Be3 Bb7 19. Nxb5 Rb8 20. Nc7+ Kd8 21.
Nxe6+ Kc8 22. Nxf8 Rxf8 23. e6 1-0

[Event "em-team men"]
[Site "?"]
[Date "2003.10.19"]
[Round "8.10"]
[White "Atalik, Suat"]
[Black "Korchnoi, Viktor"]
[Result "1/2-1/2"]
[WhiteElo "2570"]
[BlackElo "2580"]
[PlyCount "89"]
[EventDate "2003.10.19"]

1. Nf3 Nf6 2. c4 e6 3. Nc3 d5 4. d4 c5 5. cxd5 Nxd5 6. g3 cxd4 7. Nxd5 Qxd5 8.
Qxd4 Qb5 9. e4 Qb4+ 10. Qxb4 Bxb4+ 11. Bd2 Bxd2+ 12. Kxd2 Nc6 13. Bb5 Bd7 14.
Ke3 Ke7 15. Rac1 Rhc8 16. Rhd1 f6 17. Bxc6 Rxc6 18. Nd4 Rxc1 19. Rxc1 e5 20.
Nf5+ Bxf5 21. exf5 Rd8 22. Rc7+ Rd7 23. Rc8 Rd8 24. Rxd8 Kxd8 25. Ke4 Ke7 26.
Kd5 Kd7 27. b4 Ke7 28. a4 Kd7 29. f3 a6 30. g4 Ke7 31. Kc5 Kd7 32. Kb6 Kc8 33.
Ka7 Kc7 34. b5 axb5 35. axb5 g5 36. fxg6 hxg6 37. h4 f5 38. gxf5 gxf5 39. h5 e4
40. fxe4 fxe4 41. h6 e3 42. h7 e2 43. h8=Q e1=Q 44. Qh7+ Kd8 45. Qxb7 {
impossible to read the end of the game...} 1/2-1/2

[Event "em-team men"]
[Site "?"]
[Date "2003.10.19"]
[Round "8.10"]
[White "Dizdarevic, Emir"]
[Black "Jenni, Florian"]
[Result "1/2-1/2"]
[WhiteElo "2507"]
[BlackElo "2522"]
[PlyCount "57"]
[EventDate "2003.10.19"]

1. Nf3 Nf6 2. g3 d5 3. Bg2 c6 4. O-O Bg4 5. d3 Nbd7 6. c4 Bxf3 7. Bxf3 dxc4 8.
dxc4 Ne5 9. Nd2 Nxf3+ 10. Nxf3 Qxd1 11. Rxd1 g6 12. Rd3 Bg7 13. Be3 Ng4 14. Bd4
Bxd4 15. Rxd4 Nf6 16. Ne5 c5 17. Rd3 Ne4 18. Rad1 Nd6 19. b3 f6 20. Ng4 Kf7 21.
f3 h5 22. Ne3 Rad8 23. h4 b6 24. Kf2 Rb8 25. Nd5 Rhd8 26. Nc3 Nb7 27. Nb5 Rxd3
28. Rxd3 a6 29. Nc3 1/2-1/2

[Event "em-team men"]
[Site "?"]
[Date "2003.10.19"]
[Round "8.10"]
[White "Gallagher, Joseph"]
[Black "Bistric, Faruk"]
[Result "1/2-1/2"]
[WhiteElo "2522"]
[BlackElo "2503"]
[PlyCount "141"]
[EventDate "2003.10.19"]

1. e4 c5 2. Nf3 a6 3. c3 e6 4. d4 d5 5. e5 c4 6. Be2 Nc6 7. O-O Nge7 8. Na3 Ng6
9. Nc2 Bd7 10. g3 f5 11. exf6 Qxf6 12. Bg5 Qf7 13. Bd2 Be7 14. Ng5 Bxg5 15.
Bxg5 O-O 16. b3 b5 17. bxc4 dxc4 18. a4 h6 19. Bc1 Nge7 20. Bh5 Qf6 21. Ba3
Rfd8 22. Ne3 Nd5 23. Nxd5 exd5 24. Qf3 Qxf3 25. Bxf3 Bf5 26. axb5 axb5 27. Bc5
Be6 28. Rfb1 Rab8 29. Ra6 Rdc8 30. h4 Kh7 31. Re1 Bf7 32. Bg4 Re8 33. Rb1 Bg6
34. Rba1 b4 35. Rxc6 bxc3 36. Rc1 c2 37. Rb6 Rxb6 38. Bxb6 Ra8 39. Bc7 Bd3 40.
Bf4 Kg6 41. Bd2 Kf6 42. Bf3 Ke6 43. Re1+ Kd6 44. Kg2 Ra2 45. h5 Rb2 46. Bf4+
Kc6 47. Re5 Rb1 48. Bxd5+ Kb5 49. Be4+ Kb4 50. Bxd3 cxd3 51. Rc5 Kb3 52. d5 Rd1
53. d6 d2 54. d7 Rg1+ 55. Kxg1 d1=Q+ 56. Kg2 Qxd7 57. Be3 Qd1 58. Rc7 Qd5+ 59.
Kg1 Qxh5 60. Rxg7 c1=Q+ 61. Bxc1 Qd1+ 62. Kg2 Qxc1 63. Rb7+ Ka4 64. Ra7+ Kb5
65. Rb7+ Kc6 66. Rf7 Kd5 67. Rf4 Ke5 68. Rh4 Kf5 69. Rf4+ Kg5 70. Rh4 Qc6+ 71.
Kg1 1/2-1/2

[Event "em-team men"]
[Site "?"]
[Date "2003.10.19"]
[Round "8.11"]
[White "Nyback, Tomi"]
[Black "Agrest, Evgenij"]
[Result "1/2-1/2"]
[WhiteElo "2497"]
[BlackElo "2605"]
[PlyCount "99"]
[EventDate "2003.10.19"]

1. Nf3 Nf6 2. c4 e6 3. Nc3 Bb4 4. Qc2 c5 5. a3 Ba5 6. g3 Nc6 7. Bg2 O-O 8. O-O
d6 9. d3 h6 10. e3 e5 11. Nd2 a6 12. Rb1 Bd7 13. Na2 b5 14. b4 cxb4 15. axb4
Bb6 16. Nc3 Rc8 17. Ba3 Nb8 18. Rfc1 Bf5 19. cxb5 axb5 20. Nde4 Ne8 21. Qb3 Nc7
22. Nd5 Be6 23. Nec3 Ba7 24. Qd1 Nba6 25. Ra1 Nxd5 26. Nxd5 Nc7 27. Nxc7 Rxc7
28. Bb2 Qb8 29. Rxc7 Qxc7 30. Qc1 Rc8 31. Qxc7 Rxc7 32. Ra6 d5 33. h4 d4 34.
exd4 exd4 35. Be4 Kf8 36. Rc6 Re7 37. Kg2 Rd7 38. Ra6 Rc7 39. Rc6 Rd7 40. Ra6
Rc7 41. Rc6 Re7 42. Rd6 Rd7 43. Rxd7 Bxd7 44. Kf3 Ke7 45. Bd5 f5 46. Bc1 Bb8
47. Bf4 Bd6 48. Bd2 Be8 49. Kg2 Kf6 50. f4 1/2-1/2

[Event "em-team men"]
[Site "?"]
[Date "2003.10.19"]
[Round "8.11"]
[White "Barkhagen, Jonas"]
[Black "Sammalvuo, Tapani"]
[Result "1/2-1/2"]
[WhiteElo "2480"]
[BlackElo "2447"]
[PlyCount "55"]
[EventDate "2003.10.19"]

1. d4 d5 2. c4 e6 3. Nc3 Be7 4. Nf3 Nf6 5. Bg5 h6 6. Bh4 O-O 7. e3 Ne4 8. Bxe7
Qxe7 9. Rc1 c6 10. Bd3 Nxc3 11. Rxc3 dxc4 12. Bxc4 Nd7 13. O-O b6 14. Bd3 c5
15. Be4 Rb8 16. Qa4 a5 17. a3 e5 18. Re1 Bb7 19. Bxb7 Rxb7 20. Qc6 Rbb8 21. a4
Rfd8 22. Qe4 cxd4 23. exd4 Qb4 24. Qc2 exd4 25. Rc4 d3 26. Qxd3 Qf8 27. Qc2 Re8
28. Rxe8 1/2-1/2

[Event "em-team men"]
[Site "?"]
[Date "2003.10.19"]
[Round "8.12"]
[White "Kulaots, Kaido"]
[Black "Kozul, Zdenko"]
[Result "0-1"]
[WhiteElo "2530"]
[BlackElo "2597"]
[PlyCount "100"]
[EventDate "2003.10.19"]

1. e4 c5 2. Nf3 Nc6 3. d4 cxd4 4. Nxd4 Qb6 5. Nb5 a6 6. Be3 Qd8 7. Nd4 e5 8.
Nb3 Nf6 9. Bg5 h6 10. Bxf6 Qxf6 11. Bc4 Bb4+ 12. c3 Bd6 13. a4 O-O 14. N1d2 Bb8
15. Qe2 Ba7 16. O-O d6 17. Nc1 Be6 18. Nd3 Rad8 19. Rad1 d5 20. exd5 Bxd5 21.
Ne4 Qh4 22. Bxd5 Rxd5 23. b4 Rfd8 24. Ndc5 Rxd1 25. Rxd1 f5 26. Rxd8+ Nxd8 27.
Qc4+ Kh8 28. Nd6 Qxc4 29. Nxc4 Bxc5 30. bxc5 e4 31. Nd6 g6 32. h4 h5 33. f3
exf3 34. gxf3 Kg7 35. Kf2 Kf6 36. f4 Ke6 37. c4 Kd7 38. Ke3 b6 39. Kd4 Ne6+ 40.
Ke5 Nxc5 41. Nf7 Ke7 42. Nd6 Nd3+ 43. Kd5 Kd7 44. Nf7 Nxf4+ 45. Ke5 Ng2 46. Kf6
Nxh4 47. Kg5 Nf3+ 48. Kf4 Ke7 49. Nh8 Kf6 50. Kxf3 a5 0-1

[Event "em-team men"]
[Site "?"]
[Date "2003.10.19"]
[Round "8.12"]
[White "Cvitan, Ognjen"]
[Black "Seeman, Tarvo"]
[Result "1/2-1/2"]
[WhiteElo "2516"]
[BlackElo "2429"]
[PlyCount "56"]
[EventDate "2003.10.19"]

1. d4 Nf6 2. c4 g6 3. g3 Bg7 4. Bg2 O-O 5. Nc3 d6 6. Nf3 Nbd7 7. O-O e5 8. e4
c6 9. b3 Qb6 10. d5 Nc5 11. Be3 cxd5 12. Nxd5 Qd8 13. Nxf6+ Qxf6 14. Ne1 b6 15.
Nc2 Bb7 16. f3 Qe6 17. Nb4 f5 18. Nd5 Qf7 19. Rc1 Rae8 20. Rc2 Ne6 21. exf5
gxf5 22. f4 e4 23. g4 Nc5 24. gxf5 Qxf5 25. Nc7 Rd8 26. Rd2 Rd7 27. Nb5 Nd3 28.
Qc2 d5 1/2-1/2

[Event "em-team men"]
[Site "?"]
[Date "2003.10.19"]
[Round "8.12"]
[White "Stevic, Hrvoje"]
[Black "Lauk, Ular"]
[Result "1/2-1/2"]
[WhiteElo "2555"]
[BlackElo "2380"]
[PlyCount "49"]
[EventDate "2003.10.19"]

1. e4 e5 2. Nf3 Nf6 3. Nxe5 d6 4. Nf3 Nxe4 5. Nc3 Nxc3 6. dxc3 Be7 7. Bf4 Nd7
8. Qd2 O-O 9. O-O-O Nc5 10. Be3 Bf6 11. Bxc5 dxc5 12. Qf4 Qe8 13. Bc4 Be6 14.
Rhe1 Qc6 15. Bxe6 fxe6 16. Qe4 Qxe4 17. Rxe4 Rae8 18. Rde1 Kf7 19. Nd2 Bg5 20.
f4 Bh6 21. Rf1 Kg8 22. g4 g6 23. g5 Bg7 24. Rfe1 Rf5 25. Rxe6 1/2-1/2

[Event "em-team men"]
[Site "?"]
[Date "2003.10.19"]
[Round "8.13"]
[White "Lalic, Bogdan"]
[Black "Sakalauskas, Vaidas"]
[Result "1/2-1/2"]
[WhiteElo "2503"]
[BlackElo "2423"]
[PlyCount "21"]
[EventDate "2003.10.19"]

1. d4 Nf6 2. c4 g6 3. Nc3 d5 4. Nf3 Bg7 5. Bg5 Ne4 6. Nxd5 Nxg5 7. Nxg5 e6 8.
Qd2 exd5 9. Qe3+ Kf8 10. Qf4 Bf6 11. h4 1/2-1/2

[Event "em-team men"]
[Site "?"]
[Date "2003.10.19"]
[Round "8.14"]
[White "Berry, Neil"]
[Black "Borgo, Giulio"]
[Result "0-1"]
[WhiteElo "2300"]
[BlackElo "2419"]
[PlyCount "118"]
[EventDate "2003.10.19"]

1. Nf3 d5 2. d4 c6 3. c4 e6 4. Qc2 Nf6 5. Bg5 Nbd7 6. e3 Qa5+ 7. Nbd2 Ne4 8.
cxd5 exd5 9. Bd3 Nxg5 10. Nxg5 h6 11. Ngf3 Bd6 12. O-O Qd8 13. Rab1 Qe7 14. e4
dxe4 15. Nxe4 O-O 16. Rfe1 Nb6 17. Nc5 Qf6 18. Ne5 Bxc5 19. Qxc5 Be6 20. a3
Rfd8 21. Be4 Bd5 22. f3 Qd6 23. Bxd5 Nxd5 24. Qxd6 Rxd6 25. Nc4 Rd7 26. Rbd1
Nf4 27. Rd2 Rad8 28. Red1 Rxd4 29. Rxd4 Ne2+ 30. Kf2 Nxd4 31. b4 Kf8 32. Na5 b6
33. Nb3 Ne6 34. Rxd8+ Nxd8 35. Nd4 g6 36. Ke3 Ke7 37. h4 Kd6 38. g4 Kd5 39. Kd3
Ne6 40. Ne2 Ke5 41. Ke3 g5 42. hxg5 hxg5 43. Nc1 Nf4 44. Nb3 Nd5+ 45. Kf2 Nc3
46. Ke3 Nb5 47. a4 Nc3 48. Kd3 Nxa4 49. Nd4 Kd5 50. Nf5 c5 51. Ne3+ Kc6 52.
bxc5 Nxc5+ 53. Kc3 b5 54. Ng2 Ne6 55. Kb4 Kb6 56. Ne3 a5+ 57. Kc3 Kc5 58. Kd3
b4 59. Nc4 Nf4+ 0-1

[Event "em-team men"]
[Site "?"]
[Date "2003.10.19"]
[Round "8.16"]
[White "Kotronias, Vasilios"]
[Black "David, Alberto"]
[Result "0-1"]
[WhiteElo "2626"]
[BlackElo "2560"]
[PlyCount "78"]
[EventDate "2003.10.19"]

1. e4 c6 2. d4 d5 3. e5 Bf5 4. h4 h6 5. g4 Bd7 6. c3 e6 7. h5 c5 8. f4 Qb6 9.
Nf3 Bb5 10. Bxb5+ Qxb5 11. Na3 Qb6 12. dxc5 Bxc5 13. b4 Be3 14. Qd3 Bxc1 15.
Rxc1 a6 16. f5 Ne7 17. Rh2 exf5 18. gxf5 f6 19. Rg2 fxe5 20. Nxe5 O-O 21. Kd2
Rxf5 22. Rcg1 Rf2+ 23. Kc1 Rxg2 24. Rxg2 Qf6 25. Ng6 Nbc6 26. Nc2 Rd8 27. Nxe7+
Nxe7 28. Nd4 Rf8 29. Kb2 Kh8 30. Qg3 Nc6 31. Nf5 {Diagram #} 31... d4 32. cxd4
Nxd4 33. Qxg7+ Qxg7 34. Nxg7 Rg8 35. Rd2 Nf3 36. Rf2 Ne5 37. Rf5 Nc4+ 38. Kb3
b5 39. Ne6 Rg3+ 0-1

[Event "em-team men"]
[Site "?"]
[Date "2003.10.19"]
[Round "8.16"]
[White "Bakalarz, Mieczyslaw"]
[Black "Theocharides, Constantinos"]
[Result "1-0"]
[WhiteElo "2320"]
[BlackElo "2105"]
[PlyCount "87"]
[EventDate "2003.10.19"]

1. d4 f5 2. g3 Nf6 3. Bg2 g6 4. Nh3 e6 5. Nf4 d6 6. Nc3 c6 7. e4 fxe4 8. Nxe4
Nxe4 9. Bxe4 Qf6 10. O-O Bg7 11. c3 e5 12. dxe5 dxe5 13. Nd3 O-O 14. Bg2 Be6
15. Nc5 Bc4 16. Ne4 Qd8 17. Re1 Qc7 18. Qd6 Na6 19. Qxc7 Nxc7 20. Nc5 Ba6 21.
Bg5 Rf7 22. Rad1 Re8 23. Bh3 h6 24. Be3 b6 25. Nxa6 Nxa6 26. Bd7 Ref8 27. Bxc6
Nc7 28. Be4 g5 29. Rd2 Kh8 30. Red1 Ne8 31. g4 Nf6 32. Bf5 Ne8 33. Rd7 Nc7 34.
Rxf7 Rxf7 35. Rd8+ Bf8 36. h4 Kg7 37. hxg5 hxg5 38. Bxg5 Be7 39. Bxe7 Rxe7 40.
Kg2 Kf6 41. Kg3 Ne8 42. c4 Ng7 43. Rd6+ Kf7 44. Bg6+ 1-0

[Event "em-team men"]
[Site "?"]
[Date "2003.10.19"]
[Round "8.16"]
[White "Weber, Jean-Marie"]
[Black "Klerides, Paris"]
[Result "1/2-1/2"]
[WhiteElo "2186"]
[BlackElo "2174"]
[PlyCount "86"]
[EventDate "2003.10.19"]

1. d4 Nf6 2. c4 g6 3. g3 Bg7 4. Bg2 O-O 5. Nc3 d6 6. Nf3 Nbd7 7. O-O e5 8. e4
c6 9. b3 Qb6 10. Rb1 Re8 11. d5 Nc5 12. Be3 cxd5 13. Nxd5 Qd8 14. Nxf6+ Bxf6
15. Qc2 b6 16. b4 Ne6 17. Rfd1 Qc7 18. Rd2 Bb7 19. h4 Rac8 20. Rc1 Qc6 21. Ne1
Rc7 22. f3 Rec8 23. Bf1 Qe8 24. Qb3 Nd4 25. Bxd4 exd4 26. Bh3 Rd8 27. Nc2 b5
28. Nxd4 Bxd4+ 29. Rxd4 Qe5 30. Rcd1 Qxg3+ 31. Bg2 bxc4 32. Rxc4 Rxc4 33. Qxc4
Qxh4 34. Qc7 Ba6 35. Qxa7 Be2 36. Rc1 Bxf3 37. Qf2 Qxf2+ 38. Kxf2 Bxg2 39. Kxg2
Ra8 40. Rc2 Kf8 41. Kf3 Ke8 42. Ke3 Ra4 43. Rb2 h5 1/2-1/2